000 01144nam0a22002651 4500
001 rc\1015506
005 20260407114251.0
035 _a(NLR Aleph) 006180751
090 _a6062955
_c6062955
100 _a20041129d1981 |||y0rusy50 ca
101 0 _arus
102 _aRU
105 _ay |||||||||
200 1 _aМатематическое обеспечение АСПР
_e[сб. статей]
_fНИИ экономики и экон.-мат. методов планирования при Госплане БССР
_g[науч. ред. В. А. Емеличев, д. ф.-м. н., проф. и др.]
210 _aМинск
_cНИИЭМП
_d1981
215 _a146 с.
_d20
320 _aБиблиогр. в конце статей
702 1 _aЕмеличев
_bВ.А.
_f1930-
_gВладимир Алексеевич
_4340
712 0 2 _4570
_aНИИ экономики и экономико-математических методов планирования
_cМинск
_3RU\NLR\AUTH\889946957
_9389531
801 0 _aRU
_bNLR
_gpsbo
801 1 _aRU
_bELAR
_2rusmarc
852 _aNLR
_j82-3/3921
942 _cBOOK
980 _aNB